El libro de los dias (Registro nro. 35539)
[ vista simple ]
| 000 -CABECERA | |
|---|---|
| Longitud fija campo de control | 02026nam a2200313 a 4500 |
| 003 - • IDENTIFICADOR DELl NÚMERO DE CONTROL | |
| Identificador del número de control | CO-ViMGA |
| 005 - • FECHA Y HORA DE LA ÚLTIMA TRANSACCIÓN | |
| Fecha y hora de la última transacción | 20230915233133.0 |
| 008 - • CÓDIGOS DE INFORMACIÓN DE LONGITUD FIJA | |
| Códigos de información de longitud fija | 091219s2006 ck a gr 00110 spa d |
| 020 ## - • NÚMERO INTERNACIONAL NORMALIZADO PARA LIBROS | |
| Número Internacional Normalizado para Libros (ISBN) | 9789588306384 |
| 040 ## - FUENTE DE LA CATALOGACIÓN | |
| Centro catalogador de origen | CO-ViMGA |
| Lengua de catalogación | spa |
| Centro transcriptor | CO-ViMGA |
| 082 04 - • NÚMERO DE LA CLASIFICACIÓN DECIMAL DEWEY | |
| Número de clasificación (R) | I155.4 |
| Número del ítem | V34c |
| 100 10 - • PUNTO DE ACCESO PRINCIPAL-NOMBRE DE PERSONA | |
| Nombre de persona | Villegas, Maria |
| 245 10 - • TITULO PROPIAMENTE DICHO | |
| Título | El libro de los dias |
| Mención de responsabilidad, etc. | textos de Maria Villegas y Jennie Kent ; ilustraciones de Caterina Arango |
| 250 ## - • MENCIÓN DE EDICIÓN | |
| Mención de edición | 1a. edicion |
| 300 ## - • DESCRIPCIÓN FÍSICA | |
| Extensión | 400 paginas |
| Otras características físicas | ilustraciones |
| Dimensiones | 20 cm. |
| 490 ## - • MENCIÓN DE SERIE | |
| Mención de serie | Cosas de niñas |
| 500 ## - • NOTA GENERAL | |
| Nota general | Donacion Villegas Editores |
| 500 ## - • NOTA GENERAL | |
| Nota general | Incluye indice |
| 500 ## - • NOTA GENERAL | |
| Nota general | Incluye un candado con su respectiva llave |
| 520 ## - • NOTA DE RESUMEN | |
| Resumen, etc, | Bellamente ilustrado con gracia y sensibilidad, este libro aspira a llenar el vacio existente en la literatura para mujercitas pre-adolescentes. Lleno de consejos, actividades, recetas, formulas, quizzes, ideas, informacion de genero y muchas otras cosas de niñas, resulta una guia ut͠il sobre aquellos temas que a menudo cohib̕en a las niñas y a los padres les resultan dificiles de abordar. Se trata de un libro personal e intransferible para que las niñas no solo investiguen en ľ sus inquietudes mas intimas, sino escriban sus impresiones, respondan cuestionarios y realicen actividades que las ayuden a procesar todo ese tropel de sentimientos encontrados, tipico de su edad. Es una obra en la que no caben divisiones sociales, raciales o culturales, los acontecimientos que aborda son naturales de la mujer en esa etapa de su desarrollo. La informacion presentada ha sido avalada por profesionales de las areas respectivas, garantizando su seriedad |
| 650 14 - • PUNTO DE ACCESO ADICIONAL DE MATERIA - TÉRMINO DE MATERIA | |
| Fuente del encabezamiento o término | LEMB |
| Término de materia o nombre geográfico como elemento inicial | Autoestima en la adolescencia |
| 650 14 - • PUNTO DE ACCESO ADICIONAL DE MATERIA - TÉRMINO DE MATERIA | |
| Término de materia o nombre geográfico como elemento inicial | Diarios intimos |
| Fuente del encabezamiento o término | LEMB |
| 650 14 - • PUNTO DE ACCESO ADICIONAL DE MATERIA - TÉRMINO DE MATERIA | |
| Término de materia o nombre geográfico como elemento inicial | Libros ilustrados para niños |
| Fuente del encabezamiento o término | LEMB |
| 650 14 - • PUNTO DE ACCESO ADICIONAL DE MATERIA - TÉRMINO DE MATERIA | |
| Término de materia o nombre geográfico como elemento inicial | Psicologia infantil |
| Subdivisión de materia general | Literatura infantil |
| Fuente del encabezamiento o término | LEMB |
| 700 10 - • PUNTO DE ACCESO ADICIONAL - NOMBRE DE PERSONA | |
| Nombre de persona | Arango, Caterina |
| Término indicativo de función | ilustradora |
| 700 10 - • PUNTO DE ACCESO ADICIONAL - NOMBRE DE PERSONA | |
| Nombre de persona | Kent, Jennie |
| 942 ## - ENTRADA DE ELEMENTOS AGREGADOS (KOHA) | |
| Fuente de clasificaión o esquema | Dewey Decimal Classification |
| Koha [por defecto] tipo de item | LIbro |
| Perdido | Fuente de clasificación o esquema | Estado Físico | No para préstamo | Forma de adquisición | Localización permanente | Localización actual | Fecha adquisición | Préstamos totales | Signatura completa | Código de barras | Fecha última consulta | Número de copia | Fecha del precio de reemplazo | Tipo de item de Koha | Localización en estanterías |
|---|---|---|---|---|---|---|---|---|---|---|---|---|---|---|---|
| Dewey Decimal Classification | Damaged | Sala Infantil Segundo Piso | Biblioteca Pública Germán Arciniegas - Villavicencio | Biblioteca Pública Germán Arciniegas - Villavicencio | 06/13/2016 | I155.4 V34c | 30118 | 04/08/2019 | Ej. 1 | 06/13/2016 | LIbro | ||||
| Dewey Decimal Classification | Cultura Digital | Biblioteca Pública Uribe - Reinerio Arenas | Biblioteca Pública Uribe - Reinerio Arenas | 05/21/2024 | 155.4 V34c | URI00104 | 05/21/2024 | Ej.1 | 05/21/2024 | LIbro | General |